El acumulador plomo-ácido como una fuente de reserva de energia para un sistema de comunicaciones
Guardado en:
| 主要作者: | |
|---|---|
| 格式: | 图书 |
| 出版: |
[San José , Costa Rica]
1985
|
| 主题: | |
| 标签: |
添加标签
没有标签, 成为第一个标记此记录!
|
MARC
| LEADER | 00000nam a2200000Ia 4500 | ||
|---|---|---|---|
| 003 | 003074 | ||
| 005 | 20221231144355.0 | ||
| 008 | 140114s1985 cr a m 000 ||s d | ||
| 040 | |c cru CEDI | ||
| 090 | |a TFG 1803 | ||
| 100 | |a Granados Oconitrillo, Javier |9 14182 | ||
| 245 | |a El acumulador plomo-ácido como una fuente de reserva de energia para un sistema de comunicaciones | ||
| 260 | |c 1985 |a [San José , Costa Rica] | ||
| 300 | |a xxiii, 259 hojas : ilustraciones ; 28 cm | ||
| 500 | |a Tesis (licenciatura en ingeniería eléctrica)--Universidad de Costa Rica. Facultad de Ingeniería. Escuela de Ingeniería Eléctrica | ||
| 650 | |x ACUMULADORES |9 9818 | ||
| 942 | |c TFG | ||
| 999 | |c 20926 |d 20926 | ||
